[Event "DEM U12 2024"]
[Site "Willingen GER"]
[Date "2024.05.25"]
[Round "9"]
[White "Rodriguez Klasen, Ennio"]
[Black "Junge, Mattheo Gabriel"]
[Result "1/2-1/2"]
[Termination "normal"]
[Board "4"]
[WhiteElo "1803"]
[BlackElo "1824"]
[WhiteClock "00:10:35"]
[BlackClock "01:13:09"]
[PlyCount "58"]
[WhiteFideId "16277414"]
[BlackFideId "34605908"]
[EventCountry "GER"]
[EventRounds "9"]
[EventType "swiss"]
[EventDate "2024.05.18"]

1. e4 {[%clk 01:30:55]} {[%emt 00:00:04]} c6 {[%clk 01:30:56]} {[%emt
00:00:05]} 2. Nf3 {[%clk 01:31:10]} {[%emt 00:00:15]} d5 {[%clk 01:31:05]}
{[%emt 00:00:21]} 3. Nc3 {[%clk 01:31:34]} {[%emt 00:00:06]} dxe4 {[%clk
01:30:56]} {[%emt 00:00:39]} 4. Nxe4 {[%clk 01:31:56]} {[%emt 00:00:08]} Nf6
{[%clk 01:30:47]} {[%emt 00:00:38]} 5. Qe2 {[%clk 01:31:30]} {[%emt 00:00:56]}
Nxe4 {[%clk 01:31:05]} {[%emt 00:00:13]} 6. Qxe4 {[%clk 01:31:53]} {[%emt
00:00:07]} Nd7 {[%clk 01:31:25]} {[%emt 00:00:09]} 7. Bc4 {[%clk 01:31:35]}
{[%emt 00:00:49]} Nf6 {[%clk 01:31:42]} {[%emt 00:00:13]} 8. Ne5 {[%clk
01:31:44]} {[%emt 00:00:21]} e6 {[%clk 01:31:52]} {[%emt 00:00:21]} 9. Qe2
{[%clk 01:31:48]} {[%emt 00:00:26]} Bd6 {[%clk 01:31:45]} {[%emt 00:00:36]} 10.
d4 {[%clk 01:30:29]} {[%emt 00:01:50]} O-O {[%clk 01:30:39]} {[%emt 00:01:34]}
11. Bg5 {[%clk 01:23:13]} {[%emt 00:07:46]} Qa5+ {[%clk 01:30:42]} {[%emt
00:00:27]} 12. Qd2 {[%clk 01:02:13]} {[%emt 00:21:31]} Qxd2+ {[%clk 01:31:08]}
{[%emt 00:00:05]} 13. Bxd2 {[%clk 01:02:37]} {[%emt 00:00:06]} c5 {[%clk
01:31:13]} {[%emt 00:00:24]} 14. Nf3 {[%clk 00:57:07]} {[%emt 00:05:59]} a6
{[%clk 01:28:46]} {[%emt 00:02:58]} 15. a4 {[%clk 00:52:30]} {[%emt 00:05:07]}
b6 {[%clk 01:28:30]} {[%emt 00:00:46]} 16. O-O-O {[%clk 00:45:46]} {[%emt
00:07:15]} b5 {[%clk 01:21:44]} {[%emt 00:07:15]} 17. Be2 {[%clk 00:35:10]}
{[%emt 00:11:06]} c4 {[%clk 01:22:03]} {[%emt 00:00:12]} 18. c3 {[%clk
00:26:37]} {[%emt 00:09:02]} Bb7 {[%clk 01:21:56]} {[%emt 00:00:37]} 19. Ne5
{[%clk 00:24:29]} {[%emt 00:02:38]} Bxe5 {[%clk 01:19:46]} {[%emt 00:02:41]}
20. dxe5 {[%clk 00:23:21]} {[%emt 00:01:37]} Nd7 {[%clk 01:19:21]} {[%emt
00:00:54]} 21. Bf4 {[%clk 00:22:01]} {[%emt 00:01:51]} Nb6 {[%clk 01:18:50]}
{[%emt 00:01:01]} 22. a5 {[%clk 00:18:54]} {[%emt 00:03:37]} Nd5 {[%clk
01:17:00]} {[%emt 00:02:20]} 23. Bf3 {[%clk 00:17:17]} {[%emt 00:02:07]} Rab8
{[%clk 01:16:50]} {[%emt 00:00:40]} 24. Bxd5 {[%clk 00:16:59]} {[%emt
00:00:48]} Bxd5 {[%clk 01:17:15]} {[%emt 00:00:05]} 25. Be3 {[%clk 00:16:00]}
{[%emt 00:01:29]} Bxg2 {[%clk 01:15:48]} {[%emt 00:01:57]} 26. Rhg1 {[%clk
00:15:52]} {[%emt 00:00:38]} Be4 {[%clk 01:15:26]} {[%emt 00:00:52]} 27. Bc5
{[%clk 00:12:47]} {[%emt 00:03:36]} Rfc8 {[%clk 01:15:32]} {[%emt 00:00:22]}
28. Bd6 {[%clk 00:11:10]} {[%emt 00:02:08]} Rb7 {[%clk 01:14:47]} {[%emt
00:01:15]} 29. Rd4 {[%clk 00:10:35]} {[%emt 00:01:05]} Bf5 {[%clk 01:13:09]}
{[%emt 00:02:08]} 1/2-1/2

[Event "DEM U12 2024"]
[Site "Willingen GER"]
[Date "2024.05.25"]
[Round "9"]
[White "Stehning, Toni"]
[Black "Bundan, Edward"]
[Result "0-1"]
[Termination "normal"]
[Board "6"]
[WhiteElo "1823"]
[BlackElo "1903"]
[WhiteClock "00:25:53"]
[BlackClock "00:51:02"]
[PlyCount "96"]
[WhiteFideId "34623477"]
[BlackFideId "34603042"]
[EventCountry "GER"]
[EventRounds "9"]
[EventType "swiss"]
[EventDate "2024.05.18"]

1. e4 {[%clk 01:30:34]} {[%emt 00:00:24]} c5 {[%clk 01:30:54]} {[%emt
00:00:07]} 2. Nf3 {[%clk 01:30:55]} {[%emt 00:00:09]} Nc6 {[%clk 01:31:18]}
{[%emt 00:00:06]} 3. d4 {[%clk 01:31:17]} {[%emt 00:00:09]} cxd4 {[%clk
01:31:40]} {[%emt 00:00:08]} 4. Nxd4 {[%clk 01:31:41]} {[%emt 00:00:06]} Nf6
{[%clk 01:31:55]} {[%emt 00:00:14]} 5. Nc3 {[%clk 01:32:00]} {[%emt 00:00:12]}
e5 {[%clk 01:32:19]} {[%emt 00:00:06]} 6. Ndb5 {[%clk 01:32:20]} {[%emt
00:00:09]} d6 {[%clk 01:32:41]} {[%emt 00:00:08]} 7. Bg5 {[%clk 01:32:43]}
{[%emt 00:00:06]} a6 {[%clk 01:33:07]} {[%emt 00:00:05]} 8. Na3 {[%clk
01:33:08]} {[%emt 00:00:06]} b5 {[%emt 00:00:23]} 9. Nd5 {[%clk 01:33:20]} Be7
{[%clk 01:33:55]} {[%emt 00:00:07]} 10. Bxf6 {[%clk 01:33:43]} {[%emt
00:00:06]} Bxf6 {[%clk 01:34:19]} {[%emt 00:00:07]} 11. c4 {[%clk 01:33:59]}
{[%emt 00:00:14]} b4 {[%clk 01:31:20]} {[%emt 00:03:28]} 12. Nc2 {[%clk
01:34:24]} {[%emt 00:00:06]} O-O {[%clk 01:26:57]} {[%emt 00:04:52]} 13. g3
{[%clk 01:27:19]} {[%emt 00:07:35]} Rb8 {[%clk 01:26:52]} {[%emt 00:00:36]} 14.
Bg2 {[%clk 01:27:00]} {[%emt 00:00:49]} Bg5 {[%clk 01:26:36]} {[%emt 00:00:46]}
15. h4 {[%clk 01:27:02]} {[%emt 00:00:28]} Bh6 {[%clk 01:26:49]} {[%emt
00:00:16]} 16. g4 {[%clk 01:23:26]} {[%emt 00:04:06]} g6 {[%clk 01:26:04]}
{[%emt 00:01:14]} 17. g5 {[%clk 01:21:22]} {[%emt 00:02:34]} Bg7 {[%clk
01:26:26]} {[%emt 00:00:08]} 18. Qd2 {[%clk 01:21:06]} {[%emt 00:00:47]} b3
{[%clk 01:23:54]} {[%emt 00:03:02]} 19. axb3 {[%clk 01:02:45]} {[%emt
00:18:52]} Rxb3 {[%clk 01:23:55]} 20. Ndb4 {[%clk 01:01:31]} {[%emt 00:02:13]}
Nxb4 {[%clk 01:24:01]} {[%emt 00:00:24]} 21. Nxb4 {[%clk 01:01:53]} {[%emt
00:00:08]} Qb6 {[%clk 01:22:31]} {[%emt 00:01:59]} 22. Nd5 {[%clk 01:01:40]}
{[%emt 00:00:43]} Qb7 {[%clk 01:20:25]} {[%emt 00:02:36]} 23. Rb1 {[%clk
00:56:35]} {[%emt 00:05:35]} Be6 {[%clk 01:19:58]} {[%emt 00:00:57]} 24. Nf6+
{[%clk 00:39:01]} {[%emt 00:18:05]} Bxf6 {[%clk 01:19:28]} {[%emt 00:00:59]}
25. gxf6 {[%clk 00:39:27]} {[%emt 00:00:04]} Qb4 {[%clk 01:19:34]} {[%emt
00:00:24]} 26. Qxb4 {[%clk 00:35:23]} {[%emt 00:04:34]} Rxb4 {[%clk 01:20:03]}
{[%emt 00:00:02]} 27. Kd2 {[%clk 00:34:01]} {[%emt 00:01:51]} Rxc4 {[%clk
01:18:37]} {[%emt 00:01:56]} 28. Rhc1 {[%clk 00:33:00]} {[%emt 00:01:31]} Rfc8
{[%clk 01:18:31]} {[%emt 00:00:36]} 29. Ra1 {[%clk 00:31:45]} {[%emt 00:01:45]}
Rxc1 {[%clk 01:18:02]} {[%emt 00:00:59]} 30. Rxc1 {[%clk 00:32:11]} {[%emt
00:00:04]} Rxc1 {[%clk 01:18:02]} {[%emt 00:00:30]} 31. Kxc1 {[%clk 00:32:33]}
{[%emt 00:00:08]} Kf8 {[%clk 01:18:27]} {[%emt 00:00:06]} 32. b4 {[%clk
00:32:43]} {[%emt 00:00:19]} Bc4 {[%clk 01:18:42]} {[%emt 00:00:15]} 33. Kc2
{[%clk 00:30:51]} {[%emt 00:02:23]} Ke8 {[%clk 01:18:54]} {[%emt 00:00:18]} 34.
Kc3 {[%clk 00:31:05]} {[%emt 00:00:15]} Bb5 {[%clk 01:19:07]} {[%emt 00:00:17]}
35. Bf3 {[%clk 00:30:30]} {[%emt 00:01:06]} h5 {[%clk 01:17:39]} {[%emt
00:01:57]} 36. Bg2 {[%clk 00:30:30]} {[%emt 00:00:30]} Kd7 {[%clk 01:16:16]}
{[%emt 00:01:53]} 37. Bh3+ {[%clk 00:30:56]} {[%emt 00:00:04]} Kc7 {[%clk
01:15:56]} {[%emt 00:00:50]} 38. Be6 {[%clk 00:31:13]} {[%emt 00:00:14]} Be8
{[%clk 01:14:37]} {[%emt 00:01:48]} 39. Bc4 {[%clk 00:31:32]} {[%emt 00:00:11]}
Kb6 {[%clk 01:14:44]} {[%emt 00:00:23]} 40. Kd2 {[%clk 00:30:58]} {[%emt
00:01:05]} a5 {[%clk 01:02:50]} {[%emt 00:12:24]} 41. bxa5+ {[%clk 00:30:57]}
{[%emt 00:00:31]} Kxa5 {[%clk 01:03:12]} {[%emt 00:00:08]} 42. f4 {[%clk
00:30:25]} {[%emt 00:01:01]} Kb4 {[%clk 01:03:17]} {[%emt 00:00:25]} 43. Bd5
{[%clk 00:30:40]} {[%emt 00:00:15]} exf4 {[%clk 00:53:12]} {[%emt 00:10:35]}
44. Ke1 {[%clk 00:29:53]} {[%emt 00:01:16]} Kc3 {[%clk 00:52:56]} {[%emt
00:00:47]} 45. Kf2 {[%clk 00:30:17]} {[%emt 00:00:06]} Kd4 {[%clk 00:53:19]}
{[%emt 00:00:07]} 46. Kf3 {[%clk 00:29:04]} {[%emt 00:01:43]} Ke5 {[%clk
00:51:01]} {[%emt 00:02:49]} 47. Bc4 {[%clk 00:29:25]} {[%emt 00:00:09]} Bc6
{[%clk 00:50:51]} {[%emt 00:00:40]} 48. Bd3 {[%clk 00:25:53]} {[%emt 00:04:02]}
d5 {[%clk 00:51:02]} {[%emt 00:00:18]} 0-1

[Event "DEM U12 2024"]
[Site "Willingen GER"]
[Date "2024.05.25"]
[Round "9"]
[White "Rau, Eduard"]
[Black "Hoppe, Arthur"]
[Result "0-1"]
[Termination "normal"]
[Board "7"]
[WhiteElo "1757"]
[BlackElo "1860"]
[WhiteClock "00:33:12"]
[BlackClock "00:26:58"]
[PlyCount "54"]
[WhiteFideId "16287231"]
[BlackFideId "34618910"]
[EventCountry "GER"]
[EventRounds "9"]
[EventType "swiss"]
[EventDate "2024.05.18"]

1. e4 {[%clk 01:30:58]} {[%emt 00:00:02]} e6 {[%clk 01:30:53]} {[%emt
00:00:07]} 2. d4 {[%clk 01:31:24]} {[%emt 00:00:04]} d5 {[%clk 01:31:19]}
{[%emt 00:00:04]} 3. Bd3 {[%clk 01:31:31]} {[%emt 00:00:23]} c5 {[%clk
01:31:34]} {[%emt 00:00:15]} 4. exd5 {[%clk 01:31:54]} {[%emt 00:00:07]} exd5
{[%clk 01:31:36]} {[%emt 00:00:28]} 5. Nf3 {[%clk 01:32:17]} {[%emt 00:00:07]}
Nf6 {[%clk 01:32:01]} {[%emt 00:00:05]} 6. O-O {[%clk 01:32:42]} {[%emt
00:00:05]} c4 {[%clk 01:32:28]} {[%emt 00:00:03]} 7. Be2 {[%clk 01:33:08]}
{[%emt 00:00:04]} Be7 {[%clk 01:32:53]} {[%emt 00:00:05]} 8. b3 {[%clk
01:33:35]} {[%emt 00:00:04]} Be6 {[%clk 01:30:26]} {[%emt 00:02:56]} 9. Ne5
{[%clk 01:31:03]} {[%emt 00:03:02]} Nc6 {[%clk 01:27:35]} {[%emt 00:03:21]} 10.
f4 {[%clk 01:30:10]} {[%emt 00:01:23]} Qc7 {[%clk 01:26:14]} {[%emt 00:01:52]}
11. Bb2 {[%clk 01:29:28]} {[%emt 00:01:11]} cxb3 {[%clk 01:18:09]} {[%emt
00:08:35]} 12. axb3 {[%clk 01:29:20]} {[%emt 00:00:38]} Bf5 {[%clk 01:16:14]}
{[%emt 00:02:25]} 13. c4 {[%clk 01:27:01]} {[%emt 00:02:49]} Rd8 {[%clk
01:15:34]} {[%emt 00:01:10]} 14. g4 {[%clk 01:19:36]} {[%emt 00:07:55]} Bc8
{[%clk 01:12:31]} {[%emt 00:03:33]} 15. Bf3 {[%clk 01:09:54]} {[%emt 00:10:11]}
dxc4 {[%clk 01:10:05]} {[%emt 00:02:57]} 16. Nxc6 {[%clk 01:06:06]} {[%emt
00:04:18]} bxc6 {[%clk 01:10:10]} {[%emt 00:00:26]} 17. bxc4 {[%clk 01:06:29]}
{[%emt 00:00:07]} O-O {[%clk 01:09:29]} {[%emt 00:01:09]} 18. f5 {[%clk
01:02:08]} {[%emt 00:04:52]} Qb6 {[%clk 01:04:43]} {[%emt 00:05:16]} 19. Qe2
{[%clk 01:00:47]} {[%emt 00:01:48]} Rxd4 {[%clk 01:00:53]} {[%emt 00:04:23]}
20. Bxd4 {[%clk 00:57:57]} {[%emt 00:03:19]} Qxd4+ {[%clk 01:00:49]} {[%emt
00:00:35]} 21. Kh1 {[%clk 00:58:21]} {[%emt 00:00:03]} Qxa1 {[%clk 01:01:06]}
{[%emt 00:00:16]} 22. Qxe7 {[%clk 00:58:48]} {[%emt 00:00:03]} Qd4 {[%clk
00:58:48]} {[%emt 00:02:48]} 23. g5 {[%clk 00:50:52]} {[%emt 00:08:25]} Ng4
{[%clk 00:45:11]} {[%emt 00:14:08]} 24. Bxc6 {[%clk 00:37:17]} {[%emt
00:14:05]} Bxf5 {[%clk 00:37:36]} {[%emt 00:08:06]} 25. Re1 {[%clk 00:35:49]}
{[%emt 00:01:57]} Nf2+ {[%clk 00:37:08]} {[%emt 00:00:58]} 26. Kg2 {[%clk
00:36:12]} {[%emt 00:00:07]} Be6 {[%clk 00:33:42]} {[%emt 00:03:56]} 27. Bd5
{[%clk 00:33:12]} {[%emt 00:03:29]} Nd3 {[%clk 00:26:58]} {[%emt 00:07:15]} 0-1